Сърцето на будисткото учение (Запис номер 517553)
[ съкратено ]
| 000 -Лидер | |
|---|---|
| Лидер | 01286nam a2200301 a 4500 |
| 003 - Код на организацията, давaща контролен номер | |
| Код на организацията, даваща контролен номер | BLK |
| 005 - Дата и час на последна редакция | |
| Дата и час на последна редакция | 20241029153921.0 |
| 007 - Фиксирано поле за физическо описани | |
| Физическо описание | ta |
| 008 - Елементи от данни с фиксирана дължина | |
| Елементи с фиксирана дължина | 221104b bu |||||r|||| 00| | bu d |
| 020 ## - Международен стандартен номер на книга ISBN | |
| ISBN | 9786190113645 |
| 040 ## - Източник на каталожния запис | |
| Код на библиотеката | BLK |
| 041 ## - Код за език | |
| Език | Български |
| Език за КДБФ | Български |
| 080 ## - УДК | |
| 9 (RLIN) | 392971 |
| УДК текст | Будизъм |
| УДК код | 24 |
| УДК – код + определител | 24 |
| 084 ## - Класификационен индекс по друга класификация | |
| Авторски знак | Ти - Т 54 |
| 100 ## - Редна дума - Автор | |
| R(LIN) | 339905 |
| Автор | Тик Нят Хан |
| 245 ## - Сведения за заглавието | |
| Заглавие | Сърцето на будисткото учение |
| Подзаглавни данни | четирите благородни истини, благородният осморен път и други основни будистки учения |
| Авторска отговорност | Тик Нят Хан; прев. от англ. Ангелин Мичев |
| 250 ## - Област на изданието | |
| Поредност на изданието | 2. изд. |
| 260 ## - Област на издателските данни | |
| 9 (RLIN) | 210881 |
| Място на издаване | София |
| Име на издателя | Изток-Запад |
| Година на издаване | 2024 |
| 300 ## - Физическа характеристика | |
| Брой страници | 288 с. |
| Илюстрации | с табл., сх. |
| Размер | 20 см |
| 380 ## - Жанр | |
| Жанр | Религия. Теология |
| 500 ## - Общи забележки | |
| Обща забележка | Ориг. загл.: The heart of the Buddha's teaching / Thich Nhat Hanh<br/>1. изд. 2016 на изд. Хермес , в сер. Феникс<br/>За автора: с. 287 |
| 650 #7 - Допълнително описание по предмет – тема | |
| 9 (RLIN) | 149253 |
| Предметна рубрика | Будизъм |
| 700 1# - Други автори (авторска отговорност) | |
| Друг автор | Мичев, Ангелин Димитров |
| 9 (RLIN) | 98175 |
| 852 ## - Местоположение | |
| Сигнатура (форматна) | Цб 324793 |
| Отдел | Хранилище |
| 856 ## - Електронен адрес и достъп | |
| Инструкция (цена за достъп) | 0.00 |
| Права за достъп | disable |
| 942 ## - АРТИКУЛИ | |
| Вид на библиотечния документ | Книги |
| Скрит в OPAC | Не |
| 944 ## - СЪЗДАВАНЕ И РЕДАКЦИЯ на ЗАПИСА | |
| Създаване/Редакция | |
| Дата на регистрацията/редакция | Моника Янева |
| Служител, извършил регистрацията/редакцията | 30560 |
| Номер на служител | Геновева Генчева |
| 999 ## - СИСТЕМНИ КОНТРОЛНИ НОМЕРА | |
| Koha biblionumber | 517553 |
| Koha biblioitemnumber | 517553 |
| Код за отписване | Код за изгубен артикул | Източник на класификационната схема | Код за повреда | Коз за рестрикции | Код за отдаване | Артикулен № | Име на библиотеката - собственик | Име на библиотеката, в която се намира в момента | Статус (Текущо местоположение) | Дата на вписване в системата | Местоположение - отдел | Цена в лева | Инвентарен номер | Систематично азбучна сигнатура | Баркод | Цена в евро | Служебен тип на артикула |
|---|---|---|---|---|---|---|---|---|---|---|---|---|---|---|---|---|---|
| Не е изгубен | Universal Decimal Classification | Не е повреден | само за читалня | ползва се в читалня | 949848 | Регионална библиотека "Любен Каравелов" Русе | Регионална библиотека "Любен Каравелов" Русе | Хранилище | 2024-09-25 | Хранилище | 19.90 | 120000913218 | Цб 324793 | 120000913218 | 10.17 | Книги |